000 00606nam a2200229Ia 4500
003 OSt
005 20220918211649.0
006 a|||||r|||| 00| 0
007 ta
008 220917b |||||||| |||| 00| 0 eng d
024 _a125,154
037 _cTextual
040 _aARTS
_cARTS
_beng
041 _2eng
_aeng
082 _aW:1(X:3a), n6
100 _aOffe Claus
_9120197
245 0 _aModernity and the state
_b East West
260 _aCambridge
_bPolicy Press
_c1996
650 _aPOLITICAL SCIENCE
942 _hW:1(X:3a), n6
_cTEXL
_2CC
999 _c248339
_d248339